UM Logo

These United States : (Record no. 19763)

MARC details
000 -LEADER
fixed length control field 00507nam a22001577a 4500
008 - FIXED-LENGTH DATA ELEMENTS--GENERAL INFORMATION
fixed length control field 240319b ||||| |||| 00| 0 eng d
020 ## - INTERNATIONAL STANDARD BOOK NUMBER
International Standard Book Number 013942038X
082 ## - DEWEY DECIMAL CLASSIFICATION NUMBER
Classification number DC 973
Item number Un3 1989
100 ## - MAIN ENTRY--PERSONAL NAME
Personal name Unger, Irwin
9 (RLIN) 55037
245 ## - TITLE STATEMENT
Title These United States :
Remainder of title the questions of our past /
Statement of responsibility, etc. Irwin Unger.
260 ## - PUBLICATION, DISTRIBUTION, ETC. (IMPRINT)
Place of publication, distribution, etc. New Jersey :
Name of publisher, distributor, etc. Prentice Hall,
Date of publication, distribution, etc. ©1989.
300 ## - PHYSICAL DESCRIPTION
Extent xii, 480 pages :
Other physical details color illustrations ;
Dimensions 25 cm.
500 ## - GENERAL NOTE
General note Includes index.
650 ## - SUBJECT ADDED ENTRY--TOPICAL TERM
Geographic subdivision United States
General subdivision History.
9 (RLIN) 55038
942 ## - ADDED ENTRY ELEMENTS (KOHA)
Source of classification or shelving scheme Dewey Decimal Classification
Koha item type Circulation
Holdings
Withdrawn status Lost status Source of classification or shelving scheme Damaged status Not for loan Collection code Home library Current library Date acquired Total Checkouts Full call number Barcode Date last seen Copy number Price effective from Koha item type
    Dewey Decimal Classification     Circulation UM Digos College - LIC UM Digos College - LIC 02/26/1994   DC 973 Un3 1989 11221 05/15/2025 1 03/19/2024 Circulation